000 00964nam a22002297a 4500
005 20110218150338.0
008 110218t xxu||||| |||| 00| 0 mar d
010 _aMAR-20601
020 _a8186152997
_c240.00
035 _aMR-13259
037 _bDBAD / PUB
040 _aDPL
_bMR
082 _a920
100 _aकडू,रवींद्र
_926086
245 _aचंदेरी दुनियेतील आत्मचरित्रे /
_cरवींद्र कडू
246 _aChanderi Duniyetil Atamcharitre
_bby Ravinder Kadu
260 _aपुणे
_bसुविद्या प्रकाशन
_c2010
270 _a149,शनिवार पेठ
_bपुणे
_e411030
300 _a240पृ.
_b21सेमी(अजिल्द)
942 _2ddc
_cMR
_h920
_mकडूर
999 _c50670
_d50670